Die fünf größten Orte pro Landkreis in Brandenburg - Statistiken

Allgemein
  • Dieses Quiz wurde 41 mal gespielt
  • Das Durchschnittsergebnis liegt bei 31 aus 70
Antwortstatistiken
Landkreis Einwohner Ort % Korrekt
Potsdam-Mittelmark 27.682 Teltow
82%
Barnim 44.597 Bernau bei Berlin
76%
Havelland 45.720 Falkensee
76%
Ostprignitz-Ruppin 31.962 Neuruppin
76%
Barnim 41.481 Eberswalde
73%
Dahme-Spreewald 39.360 Königs Wusterhausen
73%
Dahme-Spreewald 14.028 Lübben (Spreewald)
73%
Oberhavel 26.677 Hennigsdorf
70%
Oberspreewald-Lausitz 15.778 Lübbenau/Spreewald
70%
Oberhavel 49.122 Oranienburg
70%
Oder-Spree 32.002 Fürstenwalde/Spree
67%
Uckermark 33.730 Schwedt/Oder
67%
Havelland 16.679 Nauen
64%
Uckermark 18.928 Prenzlau
64%
Havelland 25.087 Rathenow
64%
Prignitz 17.058 Wittenberge
64%
Ostprignitz-Ruppin 13.804 Wittstock/Dosse
64%
Oder-Spree 24.703 Eisenhüttenstadt
61%
Oberspreewald-Lausitz 23.466 Senftenberg
61%
Potsdam-Mittelmark 27.065 Werder (Havel)
61%
Spree-Neiße 17.155 Forst (Lausitz)
58%
Spree-Neiße 15.794 Guben
58%
Oberhavel 26.857 Hohen Neuendorf
58%
Potsdam-Mittelmark 19.274 Kleinmachnow
58%
Teltow-Fläming 21.010 Luckenwalde
58%
Teltow-Fläming 29.514 Ludwigsfelde
58%
Prignitz 12.022 Perleberg
58%
Prignitz 11.866 Pritzwalk
58%
Spree-Neiße 21.140 Spremberg
58%
Märkisch-Oderland 27.719 Strausberg
58%
Elbe-Elster 15.496 Finsterwalde
55%
Uckermark 14.233 Angermünde
52%
Oder-Spree 11.641 Erkner
48%
Teltow-Fläming 12.926 Jüterbog
48%
Potsdam-Mittelmark 16.087 Stahnsdorf
48%
Dahme-Spreewald 19.154 Schönefeld
45%
Uckermark 15.590 Templin
45%
Teltow-Fläming 21.412 Zossen
45%
Barnim 14.423 Ahrensfelde
42%
Potsdam-Mittelmark 13.879 Beelitz
42%
Teltow-Fläming 29.129 Blankenfelde-Mahlow
42%
Elbe-Elster 8.732 Herzberg (Elster)
42%
Elbe-Elster 7.663 Elsterwerda
36%
Oberspreewald-Lausitz 14.042 Lauchhammer
33%
Havelland 11.024 Wustermark
33%
Havelland 13.187 Brieselang
30%
Märkisch-Oderland 18.218 Hoppegarten
30%
Barnim 21.153 Panketal
30%
Märkisch-Oderland 15.432 Petershagen/Eggersdorf
30%
Barnim 24.503 Wandlitz
30%
Oder-Spree 9.196 Storkow (Mark)
27%
Oberhavel 13.040 Zehdenick
27%
Elbe-Elster 8.899 Bad Liebenwerda
24%
Elbe-Elster 8.438 Doberlug-Kirchhain
24%
Prignitz 5.803 Karstädt
24%
Ostprignitz-Ruppin 9.147 Kyritz
24%
Märkisch-Oderland 19.225 Neuenhagen bei Berlin
24%
Märkisch-Oderland 15.889 Rüdersdorf bei Berlin
24%
Dahme-Spreewald 10.717 Wildau
24%
Ostprignitz-Ruppin 9.076 Fehrbellin
18%
Oberhavel 15.177 Mühlenbecker Land
18%
Ostprignitz-Ruppin 7.699 Rheinsberg
18%
Oder-Spree 13.102 Schöneiche bei Berlin
18%
Dahme-Spreewald 11.431 Zeuthen
18%
Oberspreewald-Lausitz 7.635 Vetschau/Spreewald
12%
Prignitz 3.801 Groß Pankow (Prignitz)
9%
Oberspreewald-Lausitz 8.355 Großräschen
9%
Uckermark 4.097 Nordwestuckermark
9%
Spree-Neiße 5.455 Drebkau
6%
Spree-Neiße 9.265 Kolkwitz
3%
Keine übereinstimmenden Quizze gefunden
Verteilung der Resultate
Anzahl Personen mit jedem Resultat
Perzentil nach korrekt beantworteten Fragen
Ihre Resultats-Entwicklung
Sie haben dieses Quiz noch nicht gespielt